000 00343nam a22001577a 4500
003 MPLRDC
005 20220104124842.0
008 210129b ||||| |||| 00| 0 eng d
082 _a848.1 BJ c.5
100 _a巴金著
245 _a
_c
260 _a
_b南国出版社
_c1975
300 _b
650 _a
942 _cBK
_o848.1 BJ c.5
999 _c22668
_d22658